| 000 | 02220nam a2200313 a 4500 | ||
|---|---|---|---|
| 001 | BRCA_8486 | ||
| 003 | FranzMayer | ||
| 005 | 20230724102130.0 | ||
| 008 | 060416s1733----sp-#######---#000-0#spa-# | ||
| 040 |
_aMFM _besp _cMFM |
||
| 041 | _aspa | ||
| 044 | _asp | ||
| 084 |
_aBE1 _b.S46 1733 |
||
| 100 | 1 |
_aSeñeri, Pablo, _d1624-1694 _921265 |
|
| 245 | 1 | 0 |
_aEl christiano instruido en su ley, discursos morales, y doctrinales _cdados a luz en lengua toscana, por Pablo Señeri ; y traducidos en idioma castellano, por Don Juan de Espinola Baeza Echaburu. |
| 260 |
_aMadrid _bEn la Imprenta de Alonso Balvas _c1733 |
||
| 300 |
_a396 p. (t.3) _c21 x 15 cm. |
||
| 500 | _aEn portada : El christiano instruido en su ley, discursos morales, y doctrinales. Dados a luz en lengua toscana, por el reverendissimo Padre Pablo Señeri, de la Compañia de Jesús, predicador de Nuestro Santissimo Padre Inocencio XII y traducidos en idioma castellano, por Don Juan de Espinola Baeza Echaburu. Dedicado al señor Don Bartolome de Flon y Morales, Conde de la Cadena, &c. | ||
| 500 | _aEs una obra muy útil para todo género de personas, doctas, e indoctas, llena de todo género de erudición sagrada y profana. Corregido y enmendado en esta última impresión | ||
| 500 | _aCon marca de fuego : ´Procedencia de la marca: Convento de San Francisco de Querétaro(1). Institución: Orden de Frailes Menores. Provincia de San Pedro y San Pablo de Michoacán. Descripción: Monograma conformado por las letras iniciales S[an] F[rancisco] D[e] Q[uerétar]o. Observaciones: David Saavedra la asigna a la Academia de Dibujo de San Fernando de Querétaro. Ubicación de la marca en el libro: Canto superior, inferior y lateral´ | ||
| 500 | _aEstado físico : todas las hojas manchadas, carece de una cinta y la otra esta rota | ||
| 500 | _aEdición con cantos decorados | ||
| 650 | 1 | 4 |
_aVida cristiana _yObras anteriores a 1800 _921266 |
| 650 | 1 | 4 |
_aSalvación _yObras anteriores a 1800 _921267 |
| 700 | 1 |
_aEspinola Baeza Echaburu, Juan de _etr. _921268 |
|
| 856 | _ahttp://www.marcasdefuego.buap.mx:8180/xmLibris/projects/firebrand/item.jsp?repository=marcas_de_fuego&key=520e29d1.xml&num=16 | ||
| 902 | _aCFM | ||
| 942 |
_2lcc _cB |
||
| 999 |
_c8153 _d8153 |
||